Химия ароматических гетероциклических соединений: учебное пособие

Bibliografiset tiedot
Päätekijä: Юровская М. А. Марина Абрамовна
Yhteenveto:В учебном пособии, написанном профессором химического факультета МГУ имени М. В. Ломоносова, приведены сведения о методах получения и химических свойствах основ­ных классов ароматических гетероциклических соединений. Рассмотрены классические и специальные методы, которые включают последние достижения в области металлокомплекс-ного катализа, реакций циклоприсоединения, фотохимиче­ских, многокомпонентных и каскадных процессов и др.Для студентов и преподавателей химических специаль­ностей.
Kieli:venäjä
Julkaistu: Москва, БИНОМ. Лаборатория знаний, 2015
Sarja:Учебник для высшей школы
Aiheet:
Aineistotyyppi: MixedMaterials Kirja
KOHA link:https://koha.lib.tpu.ru/cgi-bin/koha/opac-detail.pl?biblionumber=281914

MARC

LEADER 00000nam0a2200000 4500
001 281914
005 20231101235441.0
010 |a 9785996305377 
035 |a (RuTPU)RU\TPU\book\305777 
090 |a 281914 
100 |a 20150127d2015 m y0rusy50 ca 
101 0 |a rus 
102 |a RU 
105 |a a j 001zy 
200 1 |a Химия ароматических гетероциклических соединений  |e учебное пособие  |f М. А. Юровская 
210 |a Москва  |c БИНОМ. Лаборатория знаний  |d 2015 
215 |a 208 с.  |c ил. 
225 1 |a Учебник для высшей школы 
320 |a Библиография в конце глав. 
330 |a В учебном пособии, написанном профессором химического факультета МГУ имени М. В. Ломоносова, приведены сведения о методах получения и химических свойствах основ­ных классов ароматических гетероциклических соединений. Рассмотрены классические и специальные методы, которые включают последние достижения в области металлокомплекс-ного катализа, реакций циклоприсоединения, фотохимиче­ских, многокомпонентных и каскадных процессов и др.Для студентов и преподавателей химических специаль­ностей. 
606 1 |a Ароматические соединения  |x Химия  |2 stltpush  |3 (RuTPU)RU\TPU\subj\76565  |9 87575 
606 1 |a Гетероциклические соединения  |x Химия  |2 stltpush  |3 (RuTPU)RU\TPU\subj\6386  |9 34281 
610 1 |a пятичленные гетероциклы 
610 1 |a индолы 
610 1 |a бензофураны 
610 1 |a бензотиофены 
610 1 |a изоиндолы 
610 1 |a индолизины 
610 1 |a азолы 
610 1 |a пиридины 
610 1 |a азаиндолы 
610 1 |a шестичленные гетероциклы 
610 1 |a хинолины 
610 1 |a изохинолины 
610 1 |a пиримидины 
610 1 |a пиридазины 
610 1 |a пиразины 
610 1 |a пурины 
675 |a 547.52(075.8)  |v 4 
675 |a 547.7(075.8)  |v 4 
700 1 |a Юровская  |b М. А.  |g Марина Абрамовна 
801 1 |a RU  |b 63413507  |c 20150127 
801 2 |a RU  |b 63413507  |c 20170620  |g RCR 
942 |c BK 
959 |a 2/20150127  |d 2  |e 259,00  |f ЧЗТЛ:1  |f АНЛ:1